Повышение эксплуатационных характеристик шлифовальных кругов на бакелитовой связке путем использования классифицированного по форме зерна: автореферат диссертации на соискание ученой степени кандидата технических наук

Bibliografische gegevens
Hoofdauteur: Цехин А. А. Андрей Александрович
Coauteur: Кузбасский государственный технический университет
Taal:Russisch
Gepubliceerd in: Томск, [Б. и.], 2001
Onderwerpen:
Formaat: MixedMaterials Boek
KOHA link:https://koha.lib.tpu.ru/cgi-bin/koha/opac-detail.pl?biblionumber=30083

MARC

LEADER 00000nam0a2200000 4500
001 30083
005 20231030203748.0
035 |a (RuTPU)RU\TPU\book\30351 
035 |a BOOK00030427 
090 |a 30083 
100 |a 20011209d2001 k y0rusy50 ca 
101 0 |a rus 
102 |a RU 
105 |a y dm 001zy 
200 1 |a Повышение эксплуатационных характеристик шлифовальных кругов на бакелитовой связке путем использования классифицированного по форме зерна  |e автореферат диссертации на соискание ученой степени кандидата технических наук  |f А. А. Цехин  |g Кузбасский государственный технический университет 
210 |a Томск  |c [Б. и.]  |d 2001 
215 |a 23 с. 
320 |a Библиогр.: с. 21-22 
610 1 |a машиностроение 
610 1 |a шлифовальное зерно 
610 1 |a зернистость 
610 1 |a бакелитовая связка 
610 1 |a рабочий слой 
610 1 |a прочность 
610 1 |a износ 
610 1 |a абразивное зерно 
610 1 |a формы 
610 1 |a авторефераты диссертаций 
675 |a 621.922.02(04)  |v 3 
700 1 |a Цехин  |b А. А.  |g Андрей Александрович 
712 0 2 |a Кузбасский государственный технический университет  |2 stltpush  |3 (RuTPU)RU\TPU\col\89 
801 0 |a RU  |b 63413507  |c 20011209  |g PSBO 
801 2 |a RU  |b 63413507  |c 20040430  |g PSBO 
942 |c BK